000
00242nam a2200097 a 4500
005
20200930070513.0
008
110908s2004 000 spa d
245
0
_a
Obras escogidas de Jovellanos.
260
_a
ParĂs,
_c
[s.f.].
999
_c
33258
_d
33258
040
_a
DO-SdBNP